000 00356nam a2200133Ia 4500
008 240624s9999 xx 000 0 und d
041 _aeng
082 _a658.709172 BEL
100 _aMANNERS BELL JOHN
245 _aLOGISTICS AND SUPPLY CHAINS IN EMERGING
260 _c2014
_aLondon
_bKogan Page
300 _axi, : 252 : p. : cm. ; 23
365 _cGBP
_b30
999 _c27408
_d27408